000 00458cam a2200145 4500500
005 20260329012505.0
041 _afre
042 _adc
100 1 0 _aSibony, Judith
_eauthor
245 0 0 _aLe triomphe de Beaumarchais
260 _c2025.
500 _a90
786 0 _nRevue des deux Mondes | Octobre | 7 | 2025-10-01 | p. 73-78 | 2266-4734
856 4 1 _uhttps://shs.cairn.info/revue-revue-des-deux-mondes-2025-7-page-73?lang=fr&redirect-ssocas=7080
999 _c1871503
_d1871503